000 00544nam a2200181Ia 4500
003 GCL
008 140319s9999 xx 000 0 ara d
040 _aGCL /
_cGCL
082 0 4 _a001.6425
_bس ت
100 1 _aعماد ابوسعد
245 1 0 _aالتقنيات الحديثة للكاشوف /
_cعماد ابوسعد
700 1 _aسبراى، بيتر
260 _a[S.N] :
_bالدار العربية للعلوم ،
_c1989
300 _a302 ص
490 _a
650 0 4 _aالحاسبات الالكترونية
942 _2ddc
_cBK
999 _c31381
_d31381